000 01118cam a2200229 4500
001 ABS66241
008 021223n2002 000 0 eng u
035 _a(Sirsi) u120876
100 _aWilliams, J
245 _aPFI and the government's ADR pledge
260 _c2002
490 _aPFI Intelligence Bulletin
_v7(7) October 2002, 22(1)
520 _aExplains the principles of alternative dispute resolution as an umbrella term for various methods of resolving a dispute other than by litigation. The main methods looked at are mediation, mini trial, judicial appraisal or early neutral evaluation, and adjudication. Urges complete understanding of the processes and pitfalls of ADR, and states that only then can effective methods be achieved.
590 _aABS
650 _aALTERNATIVE DISPUTE RESOLUTION
650 _aALTERNATIVE DISPUTE RESOLUTION
650 _aMANAGEMENT-DISPUTE AVOIDANCE, MANAGEMENT AND RESOLUTION-DISPUTE MANAGEMENT AND RESOLUTION-ALTERNATIVE DISPUTE RESOLUTION-ADJUDICATION
650 _aMEDIATION
650 _aMINI TRIALS
690 _aDispute resolution
_96236
942 _n0
999 _c71847
_d71847